| 000 | 00709nam a2200265I 4500 | ||
|---|---|---|---|
| 001 | 9815 | ||
| 003 | MCM | ||
| 005 | 20211208234837.0 | ||
| 008 | 750716s1958 enka 000 0 eng | ||
| 035 | _aMITb10166439 | ||
| 035 | _a(OCoLC)01454087 | ||
| 035 | _aGLIS00166439 | ||
| 040 |
_cDZM _dMYG _aBD-RjUL _beng |
||
| 041 | _aeng | ||
| 082 |
_a537.622 _bSHI 1958 |
||
| 090 |
_aTK7872.S4 _bS548 |
||
| 099 | _aTK7872.S4.S548 | ||
| 100 | 1 |
_aShepherd, Alan A. _930332 |
|
| 245 | 1 | 3 | _aAn introduction to the theory and practice of semiconductors / |
| 260 |
_aLondon, _bConstable _c1958. |
||
| 300 |
_a206 p.: _billus.; _c23 cm. |
||
| 650 | 0 |
_aSemiconductors. _930333 |
|
| 942 |
_2ddc _cBK |
||
| 999 |
_c9815 _d9815 |
||